000 01344cam a22003134a 4500
090 _c0
001 13190695
005 20061219150356.0
008 030508s2004 nyua f 001 0 eng
010 _a 2003052785
020 _a0071377573
040 _aDLC
_cDLC
_dDLC
_dDLC
042 _apcc
050 0 0 _aTJ206
_b.C33 2004
082 0 0 _a621.838
_221
_bCAM
245 0 0 _aCam design handbook /
_cHarold A. Rothbart, editor.
260 _aNew York :
_bMcGraw-Hill,
_c2004.
300 _ax, 606 p. :
_bill. ;
_c24 cm.
500 _aIncludes index.
650 0 _aCams
_xDesign and construction
_vHandbooks, manuals, etc.
650 0 _aComputer-aided design.
700 1 _aRothbart, Harold A.
856 4 2 _3Contributor biographical information
_uhttp://www.loc.gov/catdir/bios/mh041/2003052785.html
856 4 1 _3Table of contents
_uhttp://www.loc.gov/catdir/toc/mh031/2003052785.html
856 4 2 _3Publisher description
_uhttp://www.loc.gov/catdir/enhancements/fy0704/2003052785-d.html
942 _2ddc
_cBB
999 _c10585
_d10585